zpět

Detail výsledku týmu

Kentaur ST, Brno

Datum a čas kvízu

29.5 Celkem bodů Celkový počet nahraných bodů na tomto kvízu bez doplňovacích otázek.
3. Pořadí na kvízu Konečné umístění týmu na tomto kvízu.

Zaznamenané odpovědi

# Otázka Odpověď Body Výsledky
1. V sobotu bylo pro veřejnost ot... Most, též Mostecké jezero 1
2. Rusko začalo distribuovat prvn... Sputnik 1
3. Minulý týden jsme se dozvěděli... Christopher Lambert 1
4. Američtí biologové naklonovali... Převalského 1
5. Velká cena Itálie v Monze měla... Pierre Gasly 1
6. Za celou historii udělování No... Marie Curie-Skłodowská 1
7. Pouze dvěma Čechům v historii... Jaroslav Heyrovský, Jaroslav Seifert 1
8. V roce 1954 obdržel Nobelovu c... Ernest Hemingway, Stařec a moře 0
9. Přiřaďte laureáty Nobelových c... 1C 2A 3D 4B 0
10. Vyberte nepravdivé tvrzení o p... C 0